Christmas quiz - Statistics

General Stats
  • This quiz has been taken 55 times
  • The average score is 25 of 33
Answer Stats
Picture Answer % Correct
Angel
100%
Bell
98%
Santa
98%
Christmas tree
91%
Elf
91%
Mistletoe
91%
Polar bear
91%
Reindeer
91%
Star
91%
Candy cane
89%
Hat
89%
Penguin
89%
Sleigh
89%
Snowman
89%
Stocking
89%
Ginger bread
87%
Present
87%
Scarf
84%
Lights
82%
Snow globe
78%
Wreath
76%
Ear muffs
73%
Snowflake
69%
Holly
67%
Tinsel
67%
Advent calendar
64%
Gloves
58%
Gnome
44%
Bauble
42%
Mince pie
40%
Roast dinner
29%
Sledge
24%
Christmas hat
18%
No matching quizzes found
Score Distribution
Percent of People with Each Score
Percentile by Number Answered
Your Score History
You have not taken this quiz